000 00918nam a22002777a 4500
001 9736
003 FISKH
005 20260130162934.0
008 260130b cb ||||| |||| 00| 0 eng d
020 _a9780817253325
040 _aFISKH
_beng
_cFISKH
_dFISKH
050 _aQH48 .M25
082 _a570
100 _aMadgwick , Wendy
245 _aLiving things /
_cBy Wendy Madgwick
260 _aTexas :
_bRaintree Steck-Vaughn Publishers ,
_c1999 .
300 _a32 pages :
_bcolor illustrations ;
_c28 cm .
490 _aScience Starters
505 _aS
520 _aSuggests a variety of experiments and activities to demonstrate the nature, needs, and behavior of different kinds of living things.
521 8 _a800
_bLexile
521 8 _aS
_bRaz-Plus
650 _aNatural history- Study and teaching- Activity programs
_vJuvenile Literature
942 _2ddc
_cBK
_n0
999 _c9736
_d9736